Jozef Grnáčik: Podcenenie poistenia je dôsledkom situácie vo firmách
Rozhovor s J. Grnáčikom, generálnym riaditeľom poisťovne Ergo, a.s. Bratislava. Vznik poisťovne Ergo v r. 1992. Špecifický charakter poisťovne. Zmena v činnosti poisťovne nastala v r. 1995 po vstupe troch významných akcionárov - Pojišťovna Investiční a poštovní banky (IPB), a.s. Praha, Prvá slovensk...
Gespeichert in:
| 1. Verfasser: | |
|---|---|
| Weitere Verfasser: | |
| Format: | Buchkapitel |
| Sprache: | Slowakisch |
| Schlagworte: | |
| Tags: |
Keine Tags, Fügen Sie das erste Tag hinzu!
|
MARC
| LEADER | 00000naa a2200000 4500 | ||
|---|---|---|---|
| 001 | r035790 | ||
| 005 | 20230921103737.5 | ||
| 041 | 0 | |a slo | |
| 044 | |a SK | ||
| 245 | 1 | 0 | |a Jozef Grnáčik: Podcenenie poistenia je dôsledkom situácie vo firmách |c Eduard Žitňanský |
| 520 | |a Rozhovor s J. Grnáčikom, generálnym riaditeľom poisťovne Ergo, a.s. Bratislava. Vznik poisťovne Ergo v r. 1992. Špecifický charakter poisťovne. Zmena v činnosti poisťovne nastala v r. 1995 po vstupe troch významných akcionárov - Pojišťovna Investiční a poštovní banky (IPB), a.s. Praha, Prvá slovenská investičná skupina, a.s. Bratislava a V-Invest holding, a.s. Bratislava. Štruktúra vlastníkov poisťovne. Služby poisťovne. Zaistenie poisťovne. | ||
| 610 | 2 | 0 | |a poistenie |
| 610 | 2 | 0 | |a poisťovníctvo |
| 610 | 2 | 0 | |a akcionári |
| 610 | 2 | 0 | |a klienti |
| 610 | 2 | 0 | |a podnikatelia |
| 610 | 2 | 0 | |a zaistenie |
| 610 | 2 | 0 | |a firmy |
| 610 | 2 | 0 | |a kapitál základný |
| 610 | 2 | 0 | |a Ergo, a.s. Bratislava |
| 100 | 1 | |a Žitňanský, Eduard | |
| 700 | 1 | |a Grnáčik, Jozef | |